000 01054nam a2200253 a 4500
001 81321
003 BD-RjUL
005 20230903130019.0
008 230403s2015 bg a|||| m||| 00| 0 eng d
035 _a(BD-RjUL)81321
040 _aBD-RjUL
_beng
_cBD-RjUL
_dBD-RjUL
041 _aeng
082 _223
_a633.18
_bAKG 2015
100 _aAKHTER, MOST. SHARONI
_97267
245 1 0 _aGenome-Wide Identification and Transcriptional Analysis of AP2/EREBP Transcription Factor Family in Rice under Abiotic and Biotic Stress Conditions /
_cBy MOST. SHARONI AKHTER ;
_6Principal Supervisor : A.K.M. Rafiul Islam Co-Supervisor : Shoshi Kikuchi
260 _aRajshahi :
_bDepartment of Botany, University of Rajshahi,
_c2015.
300 _a[4], viii, 140 leaves :
_bill.;
_c29 cm.
502 _aThesis(Ph.D.)-- Department of Botany,University of Rajshahi,2015
504 _aReferences : Leaves 128-139
650 _aRice
700 _aIslam, A.K.M. Rafiul, Principal Supervisor
_97268
700 _aKikuchi, Shoshi, Co-Supervisor
_97269
942 _2ddc
_cTHE
999 _c81321
_d81321